MARC

LEADER 00000nam0a2200000 4500
001 262533
005 20231101233648.0
035 |a (RuTPU)RU\TPU\book\285516 
090 |a 262533 
100 |a 20140602d1988 k y0rusy50 ca 
101 0 |a rus 
102 |a TJ 
105 |a a z 001zy 
200 1 |a Палеогидрохимия и формы миграции элементов в зоне гипергенеза  |f Д. Н. Пачаджанов, А. Н. Базарова, И. П. Адамчук  |g Академия наук Таджикской ССР (АН ТадССР), Институт химии 
210 |a Душанбе  |c Дониш  |d 1988 
215 |a 144 с.  |c ил. 
320 |a Библиогр.: с. 137-142. 
606 1 |a Палеогидрохимия  |2 stltpush  |3 (RuTPU)RU\TPU\subj\47982  |9 66865 
610 1 |a осадконакопление 
610 1 |a палеогидрохимические условия 
610 1 |a Таджикская депрессия 
610 1 |a сегментация 
610 1 |a мезозойский бассейн 
610 1 |a юрский период 
610 1 |a ранний мел 
610 1 |a меловой период 
610 1 |a мезозой 
610 1 |a элементы 
610 1 |a миграционные способности 
675 |a 551.8  |v 3 
700 1 |a Пачаджанов  |b Д. Н.  |g Далер Набиджанович 
701 1 |a Базарова  |b А. Н.  |g Альбина Николаевна 
701 1 |a Адамчук  |b И. П.  |g Игорь Петрович 
712 0 2 |a Академия наук Таджикской ССР (АН ТадССР)  |b Институт химии  |2 stltpush  |3 (RuTPU)RU\TPU\col\3285 
801 1 |a RU  |b 63413507  |c 20140602 
801 2 |a RU  |b 63413507  |c 20150511  |g RCR 
942 |c BK